000 00496nam a2200229Ia 4500
008 210210b2008 xxu||||| |||| 00| 0 eng d
041 _aeng
082 _a599.74428 THAS
100 _aTHAPAR (Valmik)
245 _aSecret life of tigers Ed 2
250 _a
260 _aND
_bOxfor University Press
_c2008
300 _axvi,101
650 _atigers
650 _aSecret
650 _aof
650 _alife
650 _aEd
650 _a2
690 _aMammalia
906 _a062935
999 _c130717
_d130717